Xên Mường

Tìm hiểu nguồn gốc, ý nghĩa, quy mô cũng như tiến trình, cách thức của từng hoạt động trong lễ Xên Mường thuộc cộng đồng nhóm Thái đen ở Điện Biên

Đã lưu trong:
Chi tiết về thư mục
Tác giả chính: Lương Thị Đại
Tác giả khác: Chu Thuỳ Liên, Lò Văn Hoàng
Định dạng: Sách
Ngôn ngữ:Vietnamese
Được phát hành: H. Nxb. Mỹ thuật 2016
Những chủ đề:
Các nhãn: Thêm thẻ
Không có thẻ, Là người đầu tiên thẻ bản ghi này!
Thư viện lưu trữ: Mạng thư viện Đại học Đà Nẵng
LEADER 01606nam a2200397 4500
001 000024888
003 21379
005 20170323140346.0
008 170317s2016 viesd
041 0 |a vie 
082 1 4 |a 394.269597177  |b LƯ-Đ 
100 1 |a Lương Thị Đại 
245 1 0 |a Xên Mường  |c Lương Thị Đại (ch.b.), Chu Thuỳ Liên, Lò Văn Hoàng. 
260 |a H.  |b Nxb. Mỹ thuật  |c 2016 
300 |a 799 tr.  |c 21 cm. 
500 |a ĐTTS ghi: Hội Văn nghệ dân gian Việt Nam 
520 3 |a Tìm hiểu nguồn gốc, ý nghĩa, quy mô cũng như tiến trình, cách thức của từng hoạt động trong lễ Xên Mường thuộc cộng đồng nhóm Thái đen ở Điện Biên 
650 0 4 |a Văn hóa dân gian  |x Người Thái đen  |x Lễ hội  |z Việt Nam (Điện Biên) 
650 0 4 |a Lễ hội dân gian  |x Người Thái đen  |z Việt Nam (Điện Biên) 
653 |a Người Thái đen 
653 |a Văn hoá dân gian 
653 |a Lễ Xên Mường 
653 |a Điện Biên 
653 |a Lễ cầu an 
700 1 |a Chu Thuỳ Liên 
700 1 |a Lò Văn Hoàng 
OWN |a LSP 
AVA |a UDN50  |b LSP  |d 394.269597177 LƯ-Đ  |e available  |t Error 5001 Not defined in file expand_doc_bib_avail.  |f 1  |g 0  |h N  |i 0  |k 1 
999 |a From the UDN01 
AVA |a UDN50  |b LSP  |d 394.269597177 LƯ-Đ  |e available  |t Error 5001 Not defined in file expand_doc_bib_avail.  |f 1  |g 0  |h N  |i 0  |k 1 
TYP |a Monograph 
TYP |a Printed language 
980 |a Mạng thư viện Đại học Đà Nẵng